000 00658nam a2200289Ia 4500
005 20260324143950.0
008 008 260324s9999 xx 000 0 eng d
020 _a9780203740538
037 _aEBOOK
040 _aCRL
040 _beng
040 _cCRL
041 _2eng
041 _aeng
084 _qCRL
100 _aKenneth D. Lawrence
245 0 _aRobust Regression
245 0 _bAnalysis and Applications
260 _bTaylor and Francis
260 _c1990
365 _a
365 _b560
856 _uhttp://www.taylorfrancis.com/books/9780203740538
942 _cEBOOK
999 _c1823620
_d1823620